Online Catalogue and eLibrary

Kantha Saha Gehenu Daru Arakshanya Pilibanda Sri Lanka Namavaliya (Record no. 5830)

MARC details
000 -LEADER
fixed length control field 00481nam a2200157Ia 4500
005 - DATE AND TIME OF LATEST TRANSACTION
control field 20250509041151.0
008 - FIXED-LENGTH DATA ELEMENTS--GENERAL INFORMATION
fixed length control field 240331s9999 xx 000 0 und d
020 ## - INTERNATIONAL STANDARD BOOK NUMBER
ISBN 9789550249152
082 ## - DDC Classification
Class No. 891
100 ## - MAIN ENTRY--PERSONAL NAME
Personal name Marasinghe,S
245 #0 - TITLE STATEMENT
Title Kantha Saha Gehenu Daru Arakshanya Pilibanda Sri Lanka Namavaliya
260 ## - PUBLICATION, DISTRIBUTION, ETC.
Place of publication, distribution, etc. Colombo
Name of publisher, distributor, etc. Child Development & Women's Affairs Ministry
Date of publication, distribution, etc. 2012
300 ## - PHYSICAL DESCRIPTION
Extent (e.g. Volumes, Pages etc.) 380 p .,
500 ## - GENERAL NOTE
General note A book of Women's & Child protection rules & Laws
942 ## - Koha item type (Biblio)
Koha item type Books in Stacks (Lending)
Holdings
Lost status Damaged status Collection code Home library Current library Shelving location Date acquired Full call number Accession Number Item type
    Lending WERC Library WERC Library Social Science Cupboard 03/31/2024 362.8 6757 Books in Stacks (Lending)

© WERC Library